Literary Cakes Quiz Stats

Quiz Updated Jan 2, 2016

Also try: Movie Cakes
Challenge
Share
Tweet
Score 0/20 Timer 05:00
2 Plays Today
% Correct
Harry Potter Series
99.1%
The Hobbit; The Lord of the Rings Series
94.7%
Alice's Adventures in Wonderland
92.9%
Moby-Dick
92.7%
Charlie and the Chocolate Factory
90.9%
The Hunger Games Series
90.4%
Green Eggs and Ham
88.1%
Canon of Sherlock Holmes
84.2%
Where the Wild Things Are
81.3%
Oliver Twist
66.6%
% Correct
The Tragedy of Hamlet, Prince of Denmark
64.7%
Pippi Longstocking Series
60.7%
Don Quixote
56.5%
A Song of Ice and Fire Series
54.1%
Twenty Thousand Leagues Under the Sea
52.8%
Les Misérables
49.6%
Twilight Series
49.1%
The Old Man and the Sea
44.7%
Percy Jackson & the Olympians Series
44.5%
The Hitchhiker's Guide to the Galaxy Series
40.4%

You're not logged in!

Compare scores with friends on all Sporcle quizzes.
Join for Free
OR
Log In

You Might Also Like...

Show Comments

Extras

Top Quizzes Today


Score Distribution

Your Account Isn't Verified!

In order to create a playlist on Sporcle, you need to verify the email address you used during registration. Go to your Sporcle Settings to finish the process.

Report this User

Report this user for behavior that violates our Community Guidelines.

Details: